[Event "EYCC Open U10 2021"]
[Site "Tornelo"]
[Date "2021.10.15"]
[Round "5.7"]
[White "Diachek, Andriy"]
[Black "Dolgopolov, Egor"]
[Result "1-0"]
[WhiteElo "1689"]
[BlackElo "1437"]
[Annotator "NA RC"]
[PlyCount "89"]
[EventDate "2021.10.15"]
[EventType "swiss"]
[EventCountry "NET"]
[SourceTitle "playchess.com"]
[Source "ChessBase"]
[SourceQuality "1"]
[TimeControl "5400+30"]

1. e4 {[%emt 0:00:30]} c5 {[%emt 0:01:37]} 2. Nf3 {[%emt 0:00:07]} Nc6 {[%emt 0:00:26]} 3. c3 {[%emt 0:00:13]} d5 {[%emt 0:00:10]} 4. exd5 {[%emt 0:00:05]} Qxd5 {[%emt 0:00:06]} 5. d4 {[%emt 0:00:05]} Nf6 {[%emt 0:00:09]} 6. Be2 {[%emt 0:00:24]} Bg4 {[%emt 0:00:37]} 7. h3 {[%emt 0:05:05]} Bh5 {[%emt 0:00:34]} 8. c4 {[%emt 0:01:52]} Qd8 {[%emt 0:07:32]} 9. d5 {[%emt 0:01:03]} Bxf3 {[%emt 0:00:28]} 10. Bxf3 {[%emt 0:00:43]} Nd4 {[%emt 0:00:11]} 11. O-O {[%emt 0:03:03]} g6 {[%emt 0:01:34]} 12. Be3 {[%emt 0:09:37]} Qb6 {[%emt 0:02:12]} 13. Nc3 {[%emt 0:27:39]} h5 {[%emt 0:03:07]} 14. Na4 {[%emt 0:04:37]} Qc7 {[%emt 0:00:36]} 15. Nxc5 {[%emt 0:01:24]} e5 {[%emt 0:09:30]} 16. dxe6 {[%emt 0:04:55]} Bxc5 {[%emt 0:01:12]} 17. exf7+ {[%emt 0:04:14]} Kxf7 {[%emt 0:01:15]} 18. Bxd4 {[%emt 0:01:36]} Rhd8 {[%emt 0:01:11]} 19. Bd5+ {[%emt 0:00:59]} Nxd5 {[%emt 0:00:36]} 20. cxd5 {[%emt 0:03:40]} Rxd5 {[%emt 0:01:28]} 21. Qb3 {[%emt 0:05:54]} Rad8 {[%emt 0:00:55]} 22. Bxc5 {[%emt 0:01:25]} Qxc5 {[%emt 0:00:39]} 23. Qxb7+ {[%emt 0:00:33]} Kf6 {[%emt 0:00:25]} 24. Rac1 {[%emt 0:01:45]} Qf8 {[%emt 0:00:09]} 25. Qxa7 {[%emt 0:01:37]} Rd2 {[%emt 0:02:45]} 26. Rc3 {[%emt 0:01:59]} R8d5 {[%emt 0:10:26]} 27. Rf3+ {[%emt 0:00:58]} Rf5 {[%emt 0:00:32]} 28. Rxf5+ {[%emt 0:00:24]} gxf5 {[%emt 0:00:08]} 29. Qb6+ {[%emt 0:00:18]} Rd6 {[%emt 0:00:58]} 30. Qb3 {[%emt 0:00:30]} Qd8 {[%emt 0:00:47]} 31. Qc3+ {[%emt 0:01:16]} Kg6 {[%emt 0:00:45]} 32. Qg3+ {[%emt 0:00:44]} Kh7 {[%emt 0:00:40]} 33. Qe5 {[%emt 0:01:20]} Rf6 {[%emt 0:01:33]} 34. Re1 {[%emt 0:00:08]} Rf7 {[%emt 0:00:11]} 35. a4 {[%emt 0:00:17]} Qg5 {[%emt 0:03:24]} 36. Qe3 {[%emt 0:02:42]} Qf6 {[%emt 0:01:27]} 37. Qe6 {[%emt 0:01:16]} Qg7 {[%emt 0:00:32]} 38. Re3 {[%emt 0:00:50]} f4 {[%emt 0:00:36]} 39. Re5 {[%emt 0:00:32]} f3 {[%emt 0:00:41]} 40. Rxh5+ {[%emt 0:00:39]} Kg8 {[%emt 0:00:08]} 41. Qg4 {[%emt 0:00:08]} fxg2 {[%emt 0:00:09]} 42. Rg5 {[%emt 0:00:13]} Kf8 {[%emt 0:00:15]} 43. Rxg7 {[%emt 0:00:14]} Rxg7 {[%emt 0:00:04]} 44. Qxg7+ {[%emt 0:00:05]} Kxg7 {[%emt 0:00:03]} 45. Kxg2 {[%emt 0:00:04]} 1-0

[Event "EYCC Open U10 2021"]
[Site "Tornelo"]
[Date "2021.10.15"]
[Round "5.8"]
[White "Kviriashvili, Andria"]
[Black "Dumbelovic, Novak"]
[Result "1/2-1/2"]
[WhiteElo "1406"]
[BlackElo "1688"]
[Annotator "NA RC"]
[PlyCount "125"]
[EventDate "2021.10.15"]
[EventType "swiss"]
[EventCountry "NET"]
[SourceTitle "playchess.com"]
[Source "ChessBase"]
[SourceQuality "1"]
[TimeControl "5400+30"]

1. e4 {[%emt 0:00:30]} c5 {[%emt 0:00:36]} 2. c3 {[%emt 0:00:06]} Nf6 {[%emt 0:00:55]} 3. e5 {[%emt 0:00:06]} Nd5 {[%emt 0:00:29]} 4. d4 {[%emt 0:00:06]} cxd4 {[%emt 0:01:12]} 5. Nf3 {[%emt 0:00:09]} d6 {[%emt 0:01:29]} 6. cxd4 {[%emt 0:00:11]} e6 {[%emt 0:03:55]} 7. a3 {[%emt 0:00:35]} Nc6 {[%emt 0:05:29]} 8. Bd3 {[%emt 0:00:15]} Be7 {[%emt 0:06:03]} 9. O-O {[%emt 0:00:14]} O-O {[%emt 0:04:54]} 10. Qe2 {[%emt 0:05:15]} Bd7 {[%emt 0:04:50]} 11. b4 {[%emt 0:09:01]} a6 {[%emt 0:06:15]} 12. Bb2 {[%emt 0:03:06]} Nf4 {[%emt 0:01:16]} 13. Qe4 {[%emt 0:00:40]} Nxd3 {[%emt 0:00:09]} 14. Qxd3 {[%emt 0:00:05]} d5 {[%emt 0:04:12]} 15. Nc3 {[%emt 0:03:35]} Rc8 {[%emt 0:02:52]} 16. Nd2 {[%emt 0:06:42]} Na7 {[%emt 0:03:28]} 17. f4 {[%emt 0:02:56]} f5 {[%emt 0:01:17]} 18. exf6 {[%emt 0:08:01]} Bxf6 {[%emt 0:00:08]} 19. Nf3 {[%emt 0:00:51]} Nb5 {[%emt 0:01:43]} 20. Ne2 {[%emt 0:00:55]} Nd6 {[%emt 0:03:33]} 21. a4 {[%emt 0:16:49]} Qe7 {[%emt 0:03:43]} 22. Ne5 {[%emt 0:02:21]} Nc4 {[%emt 0:02:05]} 23. Bc3 {[%emt 0:02:24]} Qe8 {[%emt 0:04:16]} 24. Nxd7 {[%emt 0:03:08]} Qxd7 {[%emt 0:00:06]} 25. Kh1 {[%emt 0:03:34]} Rc7 {[%emt 0:03:44]} 26. Qh3 {[%emt 0:02:43]} Rfc8 {[%emt 0:04:02]} 27. Rac1 {[%emt 0:03:48]} Nd6 {[%emt 0:01:33]} 28. g4 {[%emt 0:04:21]} Ne4 {[%emt 0:02:36]} 29. Rf3 {[%emt 0:01:25]} Nxc3 {[%emt 0:01:33]} 30. Rfxc3 {[%emt 0:00:27]} Be7 {[%emt 0:01:10]} 31. Rxc7 {[%emt 0:03:26]} Rxc7 {[%emt 0:00:05]} 32. Rxc7 {[%emt 0:00:26]} Qxc7 {[%emt 0:00:05]} 33. g5 {[%emt 0:00:57]} Qd7 {[%emt 0:00:53]} 34. b5 {[%emt 0:00:22]} axb5 {[%emt 0:00:41]} 35. axb5 {[%emt 0:00:05]} Bd6 {[%emt 0:01:02]} 36. Kg2 {[%emt 0:00:27]} g6 {[%emt 0:00:22]} 37. Kf2 {[%emt 0:00:25]} Qf7 {[%emt 0:00:09]} 38. Kg2 {[%emt 0:00:42]} Kf8 {[%emt 0:00:25]} 39. Qc3 {[%emt 0:00:15]} Qd7 {[%emt 0:01:03]} 40. Qd3 {[%emt 0:00:33]} Qc7 {[%emt 0:00:24]} 41. Qe3 {[%emt 0:00:47]} Qd7 {[%emt 0:01:15]} 42. Qd3 {[%emt 0:00:17]} Kg7 {[%emt 0:00:18]} 43. Kf3 {[%emt 0:00:33]} Qf7 {[%emt 0:00:20]} 44. Kg3 {[%emt 0:00:46]} Kf8 {[%emt 0:00:52]} 45. Qc2 {[%emt 0:00:39]} Qc7 {[%emt 0:00:46]} 46. Qxc7 {[%emt 0:01:15]} Bxc7 {[%emt 0:00:04]} 47. Kf3 {[%emt 0:00:22]} Ke7 {[%emt 0:00:23]} 48. Ke3 {[%emt 0:00:19]} Ba5 {[%emt 0:00:31]} 49. Nc1 {[%emt 0:00:36]} b6 {[%emt 0:02:09]} 50. Nd3 {[%emt 0:00:11]} Bc3 {[%emt 0:02:06]} 51. Ne5 {[%emt 0:01:18]} Bb2 {[%emt 0:00:24]} 52. Kd2 {[%emt 0:01:43]} Ba3 {[%emt 0:00:46]} 53. Ng4 {[%emt 0:01:22]} Bd6 {[%emt 0:00:22]} 54. Ke3 {[%emt 0:00:05]} Kf7 {[%emt 0:00:57]} 55. Kf3 {[%emt 0:01:26]} Bc7 {[%emt 0:00:27]} 56. h4 {[%emt 0:00:15]} Bd8 {[%emt 0:01:28]} 57. Ne5+ {[%emt 0:00:18]} Ke7 {[%emt 0:00:03]} 58. Kg4 {[%emt 0:01:03]} Bc7 {[%emt 0:00:14]} 59. Nc6+ {[%emt 0:00:16]} Kd7 {[%emt 0:00:06]} 60. Nb4 {[%emt 0:00:23]} Bd6 {[%emt 0:00:36]} 61. Nd3 {[%emt 0:00:16]} Bc7 {[%emt 0:00:22]} 62. h5 {[%emt 0:00:06]} Bd6 {[%emt 0:00:26]} 63. Ne1 {[%emt 0:00:54]} 1/2-1/2

[Event "EYCC Open U10 2021"]
[Site "Tornelo"]
[Date "2021.10.15"]
[Round "5.9"]
[White "Daniel, Raja.N"]
[Black "Oikonomopoulos, Filippos"]
[Result "0-1"]
[WhiteElo "1713"]
[BlackElo "1650"]
[Annotator "NA RC"]
[PlyCount "130"]
[EventDate "2021.10.15"]
[EventType "swiss"]
[EventCountry "NET"]
[SourceTitle "playchess.com"]
[Source "ChessBase"]
[SourceQuality "1"]
[TimeControl "5400+30"]

1. e4 {[%emt 0:00:30]} c5 {[%emt 0:00:43]} 2. c3 {[%emt 0:00:11]} d5 {[%emt 0:00:09]} 3. exd5 {[%emt 0:00:06]} Qxd5 {[%emt 0:00:09]} 4. Nf3 {[%emt 0:00:15]} Nc6 {[%emt 0:00:22]} 5. Na3 {[%emt 0:00:31]} Bf5 {[%emt 0:00:25]} 6. d4 {[%emt 0:01:41]} Nf6 {[%emt 0:00:40]} 7. Be3 {[%emt 0:03:26]} e6 {[%emt 0:00:19]} 8. dxc5 {[%emt 0:01:01]} O-O-O {[%emt 0:00:35]} 9. Qxd5 {[%emt 0:02:43]} Nxd5 {[%emt 0:00:43]} 10. Nc4 {[%emt 0:02:18]} Nxe3 {[%emt 0:05:48]} 11. Nxe3 {[%emt 0:00:13]} Bxc5 {[%emt 0:00:14]} 12. Nxf5 {[%emt 0:03:00]} exf5 {[%emt 0:00:05]} 13. Bc4 {[%emt 0:00:15]} Rhe8+ {[%emt 0:00:17]} 14. Kf1 {[%emt 0:00:22]} g5 {[%emt 0:18:53]} 15. b4 {[%emt 0:05:47]} Bb6 {[%emt 0:00:58]} 16. Nxg5 {[%emt 0:01:40]} Rd2 {[%emt 0:00:55]} 17. Nh3 {[%emt 0:00:19]} Ne5 {[%emt 0:10:23]} 18. Re1 {[%emt 0:02:34]} Kd8 {[%emt 0:00:59]} 19. Be2 {[%emt 0:01:47]} Ng4 {[%emt 0:00:52]} 20. c4 {[%emt 0:07:45]} Bxf2 {[%emt 0:05:33]} 21. Nxf2 {[%emt 0:00:35]} Ne3+ {[%emt 0:00:17]} 22. Kg1 {[%emt 0:00:05]} Nc2 {[%emt 0:00:19]} 23. Rd1 {[%emt 0:01:04]} Rxd1+ {[%emt 0:09:49]} 24. Nxd1 {[%emt 0:00:14]} Rxe2 {[%emt 0:00:37]} 25. h3 {[%emt 0:00:40]} Nxb4 {[%emt 0:02:27]} 26. Kh2 {[%emt 0:02:55]} Rxa2 {[%emt 0:01:25]} 27. Ne3 {[%emt 0:02:09]} f4 {[%emt 0:00:39]} 28. Nf5 {[%emt 0:01:15]} f3 {[%emt 0:00:19]} 29. Rg1 {[%emt 0:00:53]} Rxg2+ {[%emt 0:02:33]} 30. Rxg2 {[%emt 0:00:07]} fxg2 {[%emt 0:00:06]} 31. Kxg2 {[%emt 0:02:11]} Nd3 {[%emt 0:01:16]} 32. Nd6 {[%emt 0:01:09]} Ne5 {[%emt 0:00:20]} 33. Nxb7+ {[%emt 0:00:45]} Kc7 {[%emt 0:00:13]} 34. Nc5 {[%emt 0:00:16]} Nxc4 {[%emt 0:00:21]} 35. Kf3 {[%emt 0:00:30]} Kd6 {[%emt 0:01:01]} 36. Nb3 {[%emt 0:00:45]} Ke5 {[%emt 0:00:49]} 37. h4 {[%emt 0:01:03]} h5 {[%emt 0:00:15]} 38. Nc1 {[%emt 0:01:24]} a5 {[%emt 0:00:44]} 39. Ke2 {[%emt 0:00:44]} Kf4 {[%emt 0:01:27]} 40. Kd3 {[%emt 0:00:42]} Nb6 {[%emt 0:00:26]} 41. Kd4 {[%emt 0:00:26]} Kg4 {[%emt 0:01:40]} 42. Kc5 {[%emt 0:00:14]} Nd7+ {[%emt 0:01:15]} 43. Kb5 {[%emt 0:00:08]} Kxh4 {[%emt 0:00:23]} 44. Kxa5 {[%emt 0:00:06]} Kg4 {[%emt 0:00:34]} 45. Kb5 {[%emt 0:00:38]} h4 {[%emt 0:00:19]} 46. Nd3 {[%emt 0:00:11]} h3 {[%emt 0:00:23]} 47. Kc6 {[%emt 0:01:07]} Kg3 {[%emt 0:02:10]} 48. Kxd7 {[%emt 0:00:19]} h2 {[%emt 0:00:09]} 49. Ne5 {[%emt 0:02:01]} h1=Q {[%emt 0:00:10]} 50. Nxf7 {[%emt 0:00:15]} Kf4 {[%emt 0:00:09]} 51. Ke6 {[%emt 0:00:27]} Qc6+ {[%emt 0:01:04]} 52. Nd6 {[%emt 0:00:28]} Qc5 {[%emt 0:01:52]} 53. Nf7 {[%emt 0:00:46]} Qf5+ {[%emt 0:00:27]} 54. Ke7 {[%emt 0:00:10]} Qg6 {[%emt 0:00:19]} 55. Nd6 {[%emt 0:00:19]} Ke5 {[%emt 0:00:25]} 56. Nf7+ {[%emt 0:00:24]} Kd5 {[%emt 0:00:17]} 57. Nd8 {[%emt 0:00:15]} Qd6+ {[%emt 0:00:32]} 58. Ke8 {[%emt 0:00:06]} Qc7 {[%emt 0:00:22]} 59. Nf7 {[%emt 0:00:42]} Ke6 {[%emt 0:00:34]} 60. Ng5+ {[%emt 0:00:20]} Kf5 {[%emt 0:00:22]} 61. Nh7 {[%emt 0:01:19]} Qxh7 {[%emt 0:00:14]} 62. Kd8 {[%emt 0:00:09]} Ke6 {[%emt 0:00:03]} 63. Kc8 {[%emt 0:00:04]} Kd6 {[%emt 0:00:03]} 64. Kb8 {[%emt 0:00:05]} Kc6 {[%emt 0:00:04]} 65. Ka8 {[%emt 0:00:02]} Qb7# {[%emt 0:00:03]} 0-1

[Event "EYCC Open U10 2021"]
[Site "Tornelo"]
[Date "2021.10.15"]
[Round "5.10"]
[White "Yurasov, Matfey"]
[Black "Gabadadze, Gabriel"]
[Result "0-1"]
[WhiteElo "1588"]
[BlackElo "1407"]
[Annotator "NA RC"]
[PlyCount "102"]
[EventDate "2021.10.15"]
[EventType "swiss"]
[EventCountry "NET"]
[SourceTitle "playchess.com"]
[Source "ChessBase"]
[SourceQuality "1"]
[TimeControl "5400+30"]

1. d4 {[%emt 0:00:30]} Nf6 {[%emt 0:00:37]} 2. Nf3 {[%emt 0:00:08]} e6 {[%emt 0:00:09]} 3. e3 {[%emt 0:00:09]} c5 {[%emt 0:01:02]} 4. Bd3 {[%emt 0:00:35]} d5 {[%emt 0:00:42]} 5. b3 {[%emt 0:01:22]} Nc6 {[%emt 0:00:48]} 6. O-O {[%emt 0:01:19]} Be7 {[%emt 0:01:11]} 7. Bb2 {[%emt 0:02:45]} O-O {[%emt 0:01:25]} 8. Nbd2 {[%emt 0:00:59]} Qc7 {[%emt 0:02:42]} 9. a3 {[%emt 0:01:08]} b6 {[%emt 0:00:59]} 10. Qe2 {[%emt 0:01:49]} Bb7 {[%emt 0:01:21]} 11. dxc5 {[%emt 0:05:50]} bxc5 {[%emt 0:00:56]} 12. c4 {[%emt 0:00:58]} Rfd8 {[%emt 0:03:21]} 13. Rac1 {[%emt 0:02:15]} Qb6 {[%emt 0:06:03]} 14. Rb1 {[%emt 0:03:12]} Rac8 {[%emt 0:01:08]} 15. cxd5 {[%emt 0:01:50]} exd5 {[%emt 0:00:52]} 16. Rfc1 {[%emt 0:05:14]} Re8 {[%emt 0:13:51]} 17. Qd1 {[%emt 0:08:42]} Rcd8 {[%emt 0:10:18]} 18. Qc2 {[%emt 0:00:58]} d4 {[%emt 0:01:30]} 19. Nc4 {[%emt 0:01:21]} Qc7 {[%emt 0:00:48]} 20. exd4 {[%emt 0:11:05]} Nxd4 {[%emt 0:00:37]} 21. Nxd4 {[%emt 0:16:08]} cxd4 {[%emt 0:00:23]} 22. Qd1 {[%emt 0:03:39]} Qf4 {[%emt 0:01:58]} 23. f3 {[%emt 0:04:45]} Bf8 {[%emt 0:04:41]} 24. Rc2 {[%emt 0:02:20]} h5 {[%emt 0:04:08]} 25. Bc1 {[%emt 0:00:22]} Qh4 {[%emt 0:08:04]} 26. g3 {[%emt 0:02:30]} Qh3 {[%emt 0:00:21]} 27. Bg5 {[%emt 0:00:39]} Re6 {[%emt 0:01:37]} 28. Qf1 {[%emt 0:12:36]} Qxf1+ {[%emt 0:00:48]} 29. Rxf1 {[%emt 0:00:04]} Rde8 {[%emt 0:04:09]} 30. Bd2 {[%emt 0:01:32]} g6 {[%emt 0:09:17]} 31. Rcc1 {[%emt 0:01:34]} Bg7 {[%emt 0:01:08]} 32. h3 {[%emt 0:01:03]} Nd7 {[%emt 0:02:29]} 33. b4 {[%emt 0:01:16]} Ba6 {[%emt 0:02:29]} 34. a4 {[%emt 0:00:52]} Ne5 {[%emt 0:03:09]} 35. Nxe5 {[%emt 0:00:50]} Bxe5 {[%emt 0:00:21]} 36. b5 {[%emt 0:00:57]} Bb7 {[%emt 0:00:33]} 37. f4 {[%emt 0:00:06]} Bb8 {[%emt 0:01:35]} 38. a5 {[%emt 0:00:19]} a6 {[%emt 0:00:51]} 39. b6 {[%emt 0:00:08]} Re3 {[%emt 0:01:20]} 40. Bxe3 {[%emt 0:00:31]} Rxe3 {[%emt 0:00:18]} 41. Bc4 {[%emt 0:02:36]} Rxg3+ {[%emt 0:00:16]} 42. Kf2 {[%emt 0:00:11]} Bxf4 {[%emt 0:01:57]} 43. Ke1 {[%emt 0:04:10]} Bxc1 {[%emt 0:03:39]} 44. Rxf7 {[%emt 0:00:10]} Rc3 {[%emt 0:02:27]} 45. Rxb7+ {[%emt 0:00:55]} Rxc4 {[%emt 0:00:13]} 46. Rc7 {[%emt 0:00:26]} Rc3 {[%emt 0:02:09]} 47. Ra7 {[%emt 0:00:28]} d3 {[%emt 0:00:21]} 48. Re7 {[%emt 0:00:43]} Bf4 {[%emt 0:00:56]} 49. b7 {[%emt 0:00:10]} d2+ {[%emt 0:00:21]} 50. Ke2 {[%emt 0:00:09]} Rb3 {[%emt 0:00:17]} 51. Rd7 {[%emt 0:00:09]} Rb1 {[%emt 0:00:49]} 0-1

[Event "EYCC Open U10 2021"]
[Site "Tornelo"]
[Date "2021.10.15"]
[Round "5.11"]
[White "Karimli, Yusif"]
[Black "Batalov, Prokhor"]
[Result "1-0"]
[WhiteElo "1571"]
[BlackElo "1391"]
[Annotator "NA RC"]
[PlyCount "123"]
[EventDate "2021.10.15"]
[EventType "swiss"]
[EventCountry "NET"]
[SourceTitle "playchess.com"]
[Source "ChessBase"]
[SourceQuality "1"]
[TimeControl "5400+30"]

1. d4 {[%emt 0:00:30]} d5 {[%emt 0:00:36]} 2. Nf3 {[%emt 0:00:03]} Nf6 {[%emt 0:00:04]} 3. g3 {[%emt 0:00:03]} Bf5 {[%emt 0:01:14]} 4. Bg2 {[%emt 0:00:03]} e6 {[%emt 0:01:35]} 5. O-O {[%emt 0:00:07]} Bd6 {[%emt 0:00:54]} 6. c4 {[%emt 0:00:11]} c6 {[%emt 0:00:13]} 7. cxd5 {[%emt 0:00:37]} exd5 {[%emt 0:00:11]} 8. Nc3 {[%emt 0:00:06]} O-O {[%emt 0:00:11]} 9. Ne5 {[%emt 0:00:23]} Nbd7 {[%emt 0:01:13]} 10. Bf4 {[%emt 0:00:08]} Bxe5 {[%emt 0:03:04]} 11. dxe5 {[%emt 0:00:48]} Ng4 {[%emt 0:01:50]} 12. e4 {[%emt 0:03:10]} dxe4 {[%emt 0:01:10]} 13. Nxe4 {[%emt 0:00:24]} Ngxe5 {[%emt 0:02:30]} 14. Nd6 {[%emt 0:00:11]} Qf6 {[%emt 0:15:25]} 15. Nxf5 {[%emt 0:03:20]} Qxf5 {[%emt 0:00:19]} 16. Qb3 {[%emt 0:01:53]} Nb6 {[%emt 0:06:43]} 17. a4 {[%emt 0:05:33]} Nec4 {[%emt 0:08:18]} 18. Qc3 {[%emt 0:01:04]} g5 {[%emt 0:06:28]} 19. Be3 {[%emt 0:00:17]} Nxe3 {[%emt 0:01:59]} 20. Qxe3 {[%emt 0:00:34]} Rfe8 {[%emt 0:01:40]} 21. Qc3 {[%emt 0:05:49]} Rad8 {[%emt 0:03:43]} 22. a5 {[%emt 0:04:44]} Nd7 {[%emt 0:00:18]} 23. Rfe1 {[%emt 0:00:11]} Ne5 {[%emt 0:01:25]} 24. Rad1 {[%emt 0:08:26]} Ng4 {[%emt 0:02:32]} 25. Bf3 {[%emt 0:01:39]} Rxd1 {[%emt 0:03:57]} 26. Rxd1 {[%emt 0:00:09]} Ne3 {[%emt 0:02:15]} 27. fxe3 {[%emt 0:02:06]} Qxf3 {[%emt 0:00:06]} 28. Re1 {[%emt 0:00:02]} Qd5 {[%emt 0:02:33]} 29. Qb4 {[%emt 0:01:09]} Kg7 {[%emt 0:04:29]} 30. e4 {[%emt 0:01:34]} Qd7 {[%emt 0:01:46]} 31. Qc5 {[%emt 0:00:11]} Qd2 {[%emt 0:01:19]} 32. Re3 {[%emt 0:01:29]} h6 {[%emt 0:02:35]} 33. h4 {[%emt 0:00:49]} Qxb2 {[%emt 0:02:22]} 34. hxg5 {[%emt 0:00:44]} Qe5 {[%emt 0:01:15]} 35. gxh6+ {[%emt 0:00:10]} Kxh6 {[%emt 0:00:38]} 36. Qc4 {[%emt 0:00:54]} Re6 {[%emt 0:01:42]} 37. Qb4 {[%emt 0:01:27]} Qd6 {[%emt 0:01:40]} 38. Qc3 {[%emt 0:00:37]} Kh7 {[%emt 0:01:49]} 39. Re1 {[%emt 0:00:55]} Qe5 {[%emt 0:01:49]} 40. Qe3 {[%emt 0:01:30]} Rg6 {[%emt 0:00:23]} 41. Kg2 {[%emt 0:00:16]} Kg7 {[%emt 0:00:04]} 42. Rf1 {[%emt 0:00:14]} Rg4 {[%emt 0:01:06]} 43. Re1 {[%emt 0:00:09]} c5 {[%emt 0:00:49]} 44. Qf3 {[%emt 0:00:44]} Rg6 {[%emt 0:01:54]} 45. Rf1 {[%emt 0:02:04]} Qf6 {[%emt 0:01:59]} 46. Qb3 {[%emt 0:00:24]} Qe7 {[%emt 0:00:46]} 47. Qc3+ {[%emt 0:00:28]} f6 {[%emt 0:00:10]} 48. Qd3 {[%emt 0:00:19]} b5 {[%emt 0:02:23]} 49. Re1 {[%emt 0:02:38]} c4 {[%emt 0:00:25]} 50. Qd4 {[%emt 0:00:11]} Qc7 {[%emt 0:01:44]} 51. e5 {[%emt 0:00:46]} Qc6+ {[%emt 0:02:18]} 52. Kf2 {[%emt 0:00:20]} fxe5 {[%emt 0:00:38]} 53. Rxe5 {[%emt 0:00:17]} Rf6+ {[%emt 0:01:18]} 54. Kg1 {[%emt 0:00:23]} Qf3 {[%emt 0:02:08]} 55. Rg5+ {[%emt 0:00:39]} Kf7 {[%emt 0:02:53]} 56. Qd7+ {[%emt 0:00:19]} Kf8 {[%emt 0:00:06]} 57. Qg7+ {[%emt 0:00:21]} Ke8 {[%emt 0:00:06]} 58. Re5+ {[%emt 0:00:06]} Kd8 {[%emt 0:00:17]} 59. Qe7+ {[%emt 0:00:03]} Kc8 {[%emt 0:00:06]} 60. Qe8+ {[%emt 0:01:42]} Kc7 {[%emt 0:00:40]} 61. Qe7+ {[%emt 0:01:13]} Kc6 {[%emt 0:00:30]} 62. Rc5# {[%emt 0:00:05]} 1-0

[Event "EYCC Open U10 2021"]
[Site "Tornelo"]
[Date "2021.10.15"]
[Round "5.12"]
[White "Gulenko, Zakhar"]
[Black "Kozlov, Kirill Dm."]
[Result "0-1"]
[WhiteElo "1524"]
[BlackElo "1228"]
[Annotator "NA RC"]
[PlyCount "106"]
[EventDate "2021.10.15"]
[EventType "swiss"]
[EventCountry "NET"]
[SourceTitle "playchess.com"]
[Source "ChessBase"]
[SourceQuality "1"]
[TimeControl "5400+30"]

1. e4 {[%emt 0:00:30]} c5 {[%emt 0:00:37]} 2. c3 {[%emt 0:00:05]} e6 {[%emt 0:00:04]} 3. d4 {[%emt 0:00:03]} d5 {[%emt 0:00:02]} 4. exd5 {[%emt 0:00:06]} exd5 {[%emt 0:00:04]} 5. Nf3 {[%emt 0:00:04]} cxd4 {[%emt 0:00:05]} 6. cxd4 {[%emt 0:00:08]} Nc6 {[%emt 0:00:16]} 7. Nc3 {[%emt 0:00:17]} Nf6 {[%emt 0:00:04]} 8. Bg5 {[%emt 0:00:05]} Be7 {[%emt 0:00:09]} 9. Bb5 {[%emt 0:00:11]} O-O {[%emt 0:00:05]} 10. O-O {[%emt 0:00:12]} h6 {[%emt 0:00:04]} 11. Bh4 {[%emt 0:00:10]} Bg4 {[%emt 0:00:22]} 12. Bxc6 {[%emt 0:00:26]} bxc6 {[%emt 0:00:06]} 13. Qd3 {[%emt 0:00:13]} Bxf3 {[%emt 0:01:06]} 14. Qxf3 {[%emt 0:00:06]} Qb6 {[%emt 0:00:07]} 15. Qe3 {[%emt 0:04:26]} Rfe8 {[%emt 0:03:49]} 16. Qd2 {[%emt 0:00:27]} Ne4 {[%emt 0:00:29]} 17. Nxe4 {[%emt 0:00:35]} Bxh4 {[%emt 0:01:24]} 18. Nc5 {[%emt 0:01:40]} Re7 {[%emt 0:02:37]} 19. Rfe1 {[%emt 0:03:17]} Rae8 {[%emt 0:02:48]} 20. g3 {[%emt 0:00:34]} Bg5 {[%emt 0:07:09]} 21. Qc3 {[%emt 0:01:48]} Re2 {[%emt 0:07:53]} 22. f4 {[%emt 0:07:28]} Bf6 {[%emt 0:00:44]} 23. Kf1 {[%emt 0:00:31]} Qb5 {[%emt 0:05:00]} 24. Nd3 {[%emt 0:05:33]} R2e4 {[%emt 0:01:30]} 25. Rad1 {[%emt 0:05:58]} Bxd4 {[%emt 0:00:32]} 26. Qb3 {[%emt 0:00:37]} Rxe1+ {[%emt 0:01:32]} 27. Rxe1 {[%emt 0:00:13]} Rxe1+ {[%emt 0:00:04]} 28. Kxe1 {[%emt 0:00:03]} Qxb3 {[%emt 0:00:07]} 29. axb3 {[%emt 0:00:03]} c5 {[%emt 0:01:21]} 30. Kd2 {[%emt 0:01:00]} Kf8 {[%emt 0:00:15]} 31. Kc2 {[%emt 0:01:49]} Ke7 {[%emt 0:01:17]} 32. Ne1 {[%emt 0:00:26]} Kd6 {[%emt 0:01:22]} 33. Nf3 {[%emt 0:00:08]} Bf6 {[%emt 0:01:31]} 34. h4 {[%emt 0:01:04]} h5 {[%emt 0:02:36]} 35. Nh2 {[%emt 0:01:04]} Ke6 {[%emt 0:02:40]} 36. Nf1 {[%emt 0:01:34]} Kf5 {[%emt 0:01:04]} 37. Kd3 {[%emt 0:00:49]} Bxb2 {[%emt 0:01:19]} 38. Ne3+ {[%emt 0:00:12]} Ke6 {[%emt 0:00:04]} 39. f5+ {[%emt 0:02:44]} Ke5 {[%emt 0:00:48]} 40. Ng2 {[%emt 0:05:08]} Bc1 {[%emt 0:00:39]} 41. Kc2 {[%emt 0:00:40]} Bh6 {[%emt 0:00:29]} 42. Kd3 {[%emt 0:00:32]} Kxf5 {[%emt 0:00:12]} 43. Ke2 {[%emt 0:00:07]} Kg4 {[%emt 0:00:28]} 44. Kf2 {[%emt 0:00:06]} Bd2 {[%emt 0:00:12]} 45. Kg1 {[%emt 0:00:15]} Kxg3 {[%emt 0:00:14]} 46. Kh1 {[%emt 0:00:04]} Kf2 {[%emt 0:00:13]} 47. Kh2 {[%emt 0:00:10]} Bh6 {[%emt 0:00:10]} 48. Kh3 {[%emt 0:00:04]} d4 {[%emt 0:00:05]} 49. b4 {[%emt 0:00:03]} cxb4 {[%emt 0:00:04]} 50. Nf4 {[%emt 0:00:03]} g6 {[%emt 0:00:53]} 51. Nd3+ {[%emt 0:00:16]} Ke3 {[%emt 0:00:10]} 52. Nxb4 {[%emt 0:00:03]} d3 {[%emt 0:00:03]} 53. Nxd3 {[%emt 0:00:03]} Kxd3 {[%emt 0:00:02]} 0-1